[Event "Match"]
[Site "www.echecsemail.com"]
[Date "2016.03.14"]
[Round "1"]
[White "Darknight"]
[Black "Gilliere"]
[WhiteElo "1670"]
[BlackElo "1880"]
[Result "0-1"]
[Round "1"]
1.e4 e5
2.Bf1c4 Ng8f6
3.d3 d6
4.h3 Nb8c6
5.a3 Bc8d7
6.Bc4a2 Bf8e7
7.Bc1g5 O-O
8.Nb1d2 h6
9.Bg5xf6 Be7xf6
10.c3 Rf8e8
11.Ng1f3 Bd7e6
12.Ba2xe6 Re8xe6
13.h4 Nc6e7
14.Qd1e2 Ne7g6
15.g3 d5
16.O-O-O d4
17.c4 c5
18.Rd1g1 a6
19.h5 Ng6f8
20.g4 Nf8h7
21.Qe2f1 Nh7g5
22.Nf3xg5 Bf6xg5
23.Kc2 Re6f6
24.Nd2f3 Rf6xf3
25.Qf1g2 Rf3f4
26.f3 Qd8f6
27.Rg1f1 b5
28.b3 bxc4
29.dxc4 a5
30.a4 Qf6b6
31.Rf1b1 Qb6b4
32.Qg2d2 Qb4xd2
33.Kxd2 Rf4xf3
34.Ke2 Rf3e3
35.Kf2 Re3xe4
36.Rb1d1 Re4xg4
37.Kf3 f5
38.Rh1h2 e4
39.Kf2 Ra8e8
40.b4 e3
41.Ke2 axb4
42.Kd3 Re8a8
43.Rd1a1 f4
44.a5 Ra8a6
45.Ke4 Rg4h4
46.Rh2xh4 Bg5xh4
47.Kxf4 e2
48.Kf3 e1Q
49.Ra1xe1 Bh4xe1
50.Ke4 b3
51.Kd3 b2
52.Kc2 Be1c3
53.Kb1 Ra6xa5
54.Kc2 Ra5a1
55.Kd3 b1Q
{ resign }
0-1

[Event "Match"]
[Site "www.echecsemail.com"]
[Date "2016.03.14"]
[Round "1"]
[White "Badshahc"]
[Black "Micheles"]
[WhiteElo "1799"]
[BlackElo "2490"]
[Result "0-1"]
[Round "1"]
1.e4 c6
2.c4 d5
3.cxd5 cxd5
4.exd5 Ng8f6
5.Nb1c3 Nf6xd5
6.Ng1f3 Nb8c6
7.Bf1b5 e6
8.O-O Bf8e7
9.d4 O-O
10.Rf1e1 Bc8d7
11.Bb5d3 Ra8c8
12.Nc3xd5 exd5
13.Nf3e5 Be7f6
14.Qd1h5 g6
15.Qh5d1 Rf8e8
16.Bc1f4 Nc6xd4
17.Bd3xg6 hxg6
18.Qd1xd4 Bd7f5
19.Qd4xa7 Qd8d6
20.Qa7e3 Qd6b4
21.b3 Re8e6
22.Qe3g3 Rc8e8
23.Ra1d1 Bf5c2
24.Rd1c1 d4
25.Re1f1 Bf6xe5
26.Rc1xc2 d3
27.Rc2c4 Qb4d6
28.Bf4xe5 Re6xe5
29.Rc4c1 d2
30.Rc1d1 Qd6d4
31.Kh1 Re5e1
{ resign }
0-1

[Event "1/128 Finale"]
[Site "www.chess-mail.com"]
[Date "2016.03.14"]
[Round "1"]
[White "Hennie4820"]
[Black "Grimsby"]
[WhiteElo "2000"]
[BlackElo "1650"]
[Result "1-0"]
[Round "1"]
1.e4 e6
2.d4 d5
3.Nb1d2 Ng8f6
4.Bf1d3 dxe4
5.Nd2xe4 Nb8d7
6.Ng1f3 Nf6xe4
7.Bd3xe4 Nd7f6
8.Be4d3 Bf8e7
9.O-O O-O
10.Bc1f4 c5
11.dxc5 Be7xc5
12.Qd1e2 b6
13.Ra1d1 Qd8e7
14.Bd3e4 Nf6xe4
15.Qe2xe4 Bc8b7
16.Qe4e2 Rf8d8
17.c3 Rd8xd1
18.Rf1xd1 Ra8d8
19.Rd1xd8  { time }
1-0

[Event "Tourn. n8637"]
[Site "www.chess-mail.com"]
[Date "2016.03.15"]
[Round "1"]
[White "Starcommand"]
[Black "Sorren"]
[WhiteElo "1719"]
[BlackElo "1790"]
[Result "0-1"]
[Round "1"]
1.e4 e5
2.Nb1c3 Ng8f6
3.f4 d6
4.Ng1f3 Nb8c6
5.Bf1b5 exf4
6.d4 Bc8d7
7.Bc1xf4 Bf8e7
8.O-O O-O
9.a3 a6
10.Bb5c4 h6
11.Qd1d3 Rf8e8
12.Ra1d1 Be7f8
13.Rf1e1 Bd7g4
14.Rd1d2 Qd8d7
15.b4 b5
16.Bc4b3 g5
 { time }
0-1

[Event "Tourn. n8619"]
[Site "www.chess-mail.com"]
[Date "2016.03.15"]
[Round "1"]
[White "Coraza"]
[Black "Duff"]
[WhiteElo "1680"]
[BlackElo "1830"]
[Result "0-1"]
[Round "1"]
1.e4 e5
2.Bf1c4 Ng8f6
3.Ng1f3 Bf8c5
4.O-O d6
5.Nf3g5 O-O
6.Nb1c3 Nb8c6
7.Kh1 h6
8.Ng5f3 Bc8g4
9.h3 Bg4h5
10.g4 Bh5g6
11.d3 Nc6d4
12.Bc1e3 Nd4xf3
13.Qd1xf3 Bc5b6
14.g5 Bb6xe3
15.Qf3xe3 hxg5
16.Qe3xg5 Qd8d7
17.Bc4d5 Qd7xh3
18.Kg1 Nf6g4
19.Qg5xg4 Qh3xg4
20.Kh2 Qg4f4
21.Kg2 c6
22.Bd5b3 Bg6h5
23.f3 g6
24.Nc3e2 Qf4e3
25.Ra1e1 Kg7
26.Ne2g3 Qe3g5
27.Kf2 Rf8h8
28.Rf1g1 Qg5f6
29.Ng3f5 Kf8
30.Nf5g3 Qf6xf3

0-1

[Event "Tourn. n8672"]
[Site "www.chess-mail.com"]
[Date "2016.03.15"]
[Round "1"]
[White "Daquata"]
[Black "Olddog55"]
[WhiteElo "1630"]
[BlackElo "1600"]
[Result "1-0"]
[Round "1"]
1.e4 Nb8c6
2.Ng1f3 e5
3.Bf1c4 Ng8h6
4.d4 d6
5.dxe5 Bf8e7
6.exd6 cxd6
7.Nb1c3 O-O
8.Bc1xh6 gxh6
9.Qd1d2 Qd8b6
10.O-O-O Nc6b4
11.Qd2xh6 Qb6xf2
12.Rd1d2 Qf2c5
13.Bc4b3 Kh8
14.a3 Qc5a5
15.axb4 Qa5a1
16.Nc3b1 Bc8d7
17.Rd2d5 f5
18.Rd5a5 { resign }
1-0

[Event "Tourn. n8662"]
[Site "www.chess-mail.com"]
[Date "2016.03.15"]
[Round "1"]
[White "Grimsby"]
[Black "Daquata"]
[WhiteElo "1520"]
[BlackElo "1630"]
[Result "0-1"]
[Round "1"]
1.d4 Ng8f6
2.c4 e6
3.g3 Bf8b4
4.Bc1d2 Bb4xd2
5.Nb1xd2 d5
6.Bf1g2 O-O
7.e3 Nb8d7
8.Ng1f3 c5
9.O-O Qd8b6
10.b3 { time. }
0-1

[Event "Tourn. n8531"]
[Site "www.chess-mail.com"]
[Date "2016.03.15"]
[Round "1"]
[White "Scasan55"]
[Black "Norlavuaram"]
[WhiteElo "2120"]
[BlackElo "2150"]
[Result "1-0"]
[Round "1"]
1.e4 e5
2.Ng1f3 Nb8c6
3.Bf1c4 Bf8e7
4.O-O Ng8f6
5.d3 O-O
6.Nb1c3 h6
7.Rf1e1 d6
8.h3 Bc8e6
9.Bc4xe6 fxe6
10.d4 exd4
11.Nf3xd4 Nc6xd4
12.Qd1xd4 Kh8
13.Qd4c4 d5
14.exd5 exd5
15.Qc4e2 Be7d6
16.Bc1e3 c5
17.Be3d2 a6
18.Ra1d1 Rf8e8
19.Qe2f3 b5
20.Re1xe8 Nf6xe8
21.Qf3xd5 Bd6f8
22.Qd5f3 Ne8f6
23.Bd2xh6 Qd8c8
24.Bh6g5 Bf8e7
25.Rd1e1 Ra8a7
26.Nc3e4 Nf6xe4
27.Bg5xe7 Ra7xe7
28.Re1xe4 Re7xe4
29.Qf3xe4 Kg8
30.g4 Kf7
31.Kg2 Qc8c7
32.f4 Qc7d7
33.Kg3 Qd7d6
34.Qe4f5 Kg8
35.g5 g6
36.Qf5d3 Qd6c7
37.c3 Kg7
38.h4 Qc7c6
39.Qd3e2 Kf7
40.h5 gxh5
41.Qe2xh5 Kg7
42.Qh5h6 Qc6xh6
43.gxh6 Kxh6
44.Kg4 Kg6
45.f5 Kf6
46.Kf4 { resign }
1-0

[Event "Tourn. n8549"]
[Site "www.chess-mail.com"]
[Date "2016.03.15"]
[Round "1"]
[White "Norlavuaram"]
[Black "Tonino1"]
[WhiteElo "2160"]
[BlackElo "2050"]
[Result "1-0"]
[Round "1"]
1.e4 c5
2.Ng1f3 d6
3.d4 cxd4
4.Nf3xd4 Ng8f6
5.Nb1c3 g6
6.Bc1e3 Bf8g7
7.Bf1c4 O-O
8.f3 Nb8c6
9.Qd1d2 Nc6xd4
10.Be3xd4 a6
11.a3 Qd8c7
12.Bc4a2 b5
13.Nc3d5 Nf6xd5
14.Ba2xd5 Bc8b7
15.O-O Bb7xd5
16.Bd4xg7 Kxg7
17.exd5 Qc7c5
18.Kh1 Ra8c8
19.c3 Qc5c4
20.Rf1e1 Rf8e8
21.Ra1d1 Rc8b8
22.Qd2d4 f6
23.Re1e6 Rb8c8
24.Qd4e4 Qc4xe4
25.Re6xe4 Kf7
26.Kg1 Rc8c5
27.Kf2 Re8c8
28.Re4d4 Rc5c4
29.Ke3 g5
30.Rd4xc4 Rc8xc4
31.Rd1d4 Rc4xd4
32.Kxd4 e5
33.Kd3 f5
34.b3 h5
35.c4 bxc4
36.Kxc4 g4
37.b4 Ke7
38.a4 Kd7
39.a5 Kc7
40.Kd3 Kb7
41.Ke3 Kc7
42.h3 Kd7
43.hxg4 hxg4
44.fxg4 fxg4
45.g3 Kc7
46.Ke4 Kd7
47.Kf5 Kc7
48.Kxg4 Kd7
49.Kf5  { time }
1-0

[Event "Tourn. n8636"]
[Site "www.chess-mail.com"]
[Date "2016.03.15"]
[Round "1"]
[White "Andychesston"]
[Black "Elogic"]
[WhiteElo "1930"]
[BlackElo "1820"]
[Result "1-0"]
[Round "1"]
1.e4 c5
2.Ng1f3 Nb8c6
3.d4 d6
4.Bf1e2 a6
5.d5 Nc6a7
6.Nb1d2 b5
7.b3 e6
8.dxe6 fxe6
9.c4 b4
10.Bc1b2 Na7c6
11.Nd2f1 Bc8b7
12.Nf1g3 h6
13.O-O e5
14.Qd1d2 a5
15.Ra1d1 Ng8f6
16.Ng3f5 Nf6xe4
17.Qd2d5 Ne4f6
18.Qd5e6 Nc6e7
19.Nf5xd6 { resign }
1-0

[Event "Tourn. n8467"]
[Site "www.chess-mail.com"]
[Date "2016.03.15"]
[Round "1"]
[White "Chesspower"]
[Black "Pablincho"]
[WhiteElo "1600"]
[BlackElo "1900"]
[Result "0-1"]
[Round "1"]
1.d4 e6
2.Ng1f3 Nb8c6
3.c4 d5
4.e3 Bf8b4
5.Bc1d2 Ng8f6
6.Bd2xb4 Nc6xb4
7.a3 Nb4c6
8.Nb1c3 O-O
9.Bf1e2 Nf6e4
10.Ra1c1 a6
11.cxd5 exd5
12.Nc3xe4 dxe4
13.Nf3d2 f5
14.O-O Qd8f6
15.Nd2b3 b6
16.Qd1c2 Bc8b7
17.d5 Nc6e5
18.Rf1d1 Ra8d8
19.Qc2xc7 Rd8d7
20.Qc7c3 Bb7xd5
21.Nb3d4 b5
22.Rd1d2 Qf6g6
23.Kf1 Ne5d3
24.Be2xd3 exd3
25.f3 f4
26.e4 Bd5b7
27.Rd2xd3 Rf8c8
28.Qc3d2 Rd7c7
29.Rc1xc7 Rc8xc7
30.Nd4f5 h6
31.Rd3d6 Qg6g5
32.Rd6d8 Kh7
33.Rd8d7 Rc7xd7
34.Qd2xd7 Bb7a8
 { time }
0-1

[Event "Tourn. n8614"]
[Site "www.chess-mail.com"]
[Date "2016.03.15"]
[Round "1"]
[White "Roque1"]
[Black "Mrfunk"]
[WhiteElo "1910"]
[BlackElo "1989"]
[Result "0-1"]
[Round "1"]
1.e4 c5
2.Ng1f3 d6
3.d4 cxd4
4.Nf3xd4 Ng8f6
5.Nb1c3 a6
6.Bf1e2 e5
7.Nd4b3 Bf8e7
8.O-O O-O
9.Bc1e3 Bc8e6
10.Qd1d3 Nb8d7
11.f4 Ra8c8
12.Nb3d2 exf4
13.Rf1xf4 Nd7e5
14.Qd3d4 Ne5g4
15.Be2xg4 Nf6xg4
16.Nc3d5 Rc8xc2
17.Nd5xe7 Qd8xe7
18.b3 Ng4xe3
19.Qd4xe3 Qe7g5
20.g3 Rf8c8
21.Ra1f1 Be6h3
22.Rf1f2 Rc8c3
23.Qe3a7 Rc3xg3
24.Kh1 Rg3g1

0-1

[Event "Tourn. n8625"]
[Site "www.chess-mail.com"]
[Date "2016.03.15"]
[Round "1"]
[White "Naujzaid"]
[Black "Umzi"]
[WhiteElo "2140"]
[BlackElo "2210"]
[Result "1-0"]
[Round "1"]
1.d4 d5
2.c4 c6
3.Nb1c3 e6
4.cxd5 exd5
5.Ng1f3 Ng8f6
6.Bc1g5 Bf8e7
7.e3 O-O
8.Bf1d3 Bc8g4
9.Qd1c2 Nb8d7
10.Nf3e5 h6
11.Bg5xf6 Nd7xf6
12.O-O Bg4e6
13.a3 Be7d6
14.f4 c5
15.Ra1c1 cxd4
16.exd4 a6
17.Rf1f3 Qd8b6
18.Qc2f2 Ra8c8
19.Kh1 Rc8c7
20.Rc1d1 Rf8c8
21.h3 Nf6d7
22.f5 Nd7xe5
23.dxe5 Qb6xf2
24.Rf3xf2 Bd6c5
25.Rf2f3 d4
26.fxe6 dxc3
27.exf7 Rc7xf7
28.Bd3c4 { resign }
1-0

[Event "1/64 Finale"]
[Site "www.chess-mail.com"]
[Date "2016.03.15"]
[Round "1"]
[White "Jaroslavpech"]
[Black "Nimzo"]
[WhiteElo "1990"]
[BlackElo "2790"]
[Result "0-1"]
[Round "1"]
1.e4 e6
2.d4 d5
3.Nb1d2 c5
4.exd5 exd5
5.Ng1f3 Ng8f6
6.Bf1b5 Bc8d7
7.Bb5xd7 Nb8xd7
8.O-O Bf8e7
9.dxc5 Nd7xc5
 { time }
0-1

[Event "1/128 Finale"]
[Site "www.chess-mail.com"]
[Date "2016.03.15"]
[Round "1"]
[White "Drawmaster"]
[Black "Tonino1"]
[WhiteElo "1670"]
[BlackElo "2200"]
[Result "0-1"]
[Round "1"]
1.d4 Ng8f6
2.c4 g6
3.g3 Bf8g7
4.Bf1g2 O-O
5.e4 d6
6.Nb1c3 e5
7.d5 Nb8d7
8.Ng1e2 a5
9.O-O Nd7c5
10.Qd1c2 Bc8d7
11.Bc1g5 h6
12.Bg5xf6 Bg7xf6
13.f4 Ra8b8
14.Qc2d2 b5
15.fxe5 Bf6xe5
16.Qd2xh6 bxc4
17.Ra1b1 Nc5a4
18.Nc3xa4 Bd7xa4
19.Ne2c3 Ba4c2
20.Nc3e2 Bc2xb1
21.Rf1xb1 Rb8xb2
{ resign }
0-1

[Event "Eq:La Taverne-Slap Shot Mates : "]
[Site "www.chess-mail.com"]
[Date "2016.03.15"]
[Round "1"]
[White "Asoka"]
[Black "Guidom"]
[WhiteElo "2750"]
[BlackElo "2100"]
[Result "1-0"]
[Round "1"]
1.d4 d5
2.c4 c6
3.cxd5 Qd8xd5
4.Nb1c3 Qd5a5
5.Ng1f3 e6
6.e4 Ng8f6
7.Bc1d2 Bf8e7
8.Nc3d5 Qa5d8
9.Nd5xe7 Qd8xe7
10.Bf1d3 Nb8d7
11.e5 Nf6d5
12.O-O h6
13.Rf1e1 O-O
14.Ra1c1 Nd7b6
15.Bd3b1 f5
16.g3 Bc8d7
17.Qd1b3 Bd7e8
18.a4 Ra8b8
19.Nf3h4 g5
20.Nh4g2 Be8g6
21.Ng2e3 Nd5xe3
22.Bd2b4 Qe7f7
23.Bb4xf8 Ne3d5
24.Bf8xh6 g4
25.a5 Nb6d7
26.Bb1d3 a6
27.Bd3c4 Kh7
28.Bc4xd5 cxd5
29.Bh6g5 f4
30.Rc1c7 Bg6e4
31.Qb3a4 fxg3
32.hxg3 Kg6
33.Bg5f6 Rb8h8
34.Bf6xh8 Qf7f3
35.Re1xe4 Qf3xe4
36.Qa4xd7 Qe4e1
37.Kg2 Qe1e4
38.Kh2 { resign }
1-0

[Event "Fast Game"]
[Site "www.echecsemail.com"]
[Date "2016.03.15"]
[Round "1"]
[White "Hennie4820"]
[Black "Plymouth"]
[WhiteElo "1770"]
[BlackElo "1599"]
[Result "1/2-1/2"]
[Round "1"]
1.e4 e6
2.d4 d5
3.Nb1d2 Bf8e7
4.Ng1f3 dxe4
5.Nd2xe4 Bc8d7
6.Bf1e2 Bd7c6
7.Ne4c3 Ng8f6
8.O-O Nb8d7
9.Bc1g5 O-O
10.h3 Nf6d5
11.Bg5xe7 Qd8xe7
12.Qd1d2 Nd7b6
13.Nc3xd5 Bc6xd5
14.b3 Bd5xf3
15.Be2xf3 c6
16.Ra1d1 Rf8d8
17.Qd2e2 Rd8d7
18.c3 Ra8d8
19.a4 Nb6d5
20.Bf3xd5 exd5
21.Qe2xe7 Rd7xe7
22.Rf1e1 { draw }
1/2-1/2

[Event "Fast Game"]
[Site "www.echecsemail.com"]
[Date "2016.03.15"]
[Round "1"]
[White "Ranjachess"]
[Black "Sargentoabel"]
[WhiteElo "1670"]
[BlackElo "1599"]
[Result "1-0"]
[Round "1"]
1.d4 d5
2.Nb1c3 Ng8f6
3.Bc1f4 e6
4.a3 Bf8d6
5.e3 Bd6xf4
6.exf4 O-O
7.Qd1e2 c5
8.O-O-O cxd4
9.Rd1d3 dxc3
{ time. }
1-0

[Event "Tourn. n8659"]
[Site "www.chess-mail.com"]
[Date "2016.03.16"]
[Round "1"]
[White "Piekki"]
[Black "Bojan"]
[WhiteElo "1980"]
[BlackElo "2020"]
[Result "1-0"]
[Round "1"]
1.e4 Nb8c6
2.Ng1f3 d6
3.d4 g6
4.Bf1c4 Bf8g7
5.Bc1e3 h6
6.Nb1c3 Bc8g4
7.h3 Bg4xf3
8.Qd1xf3 e6
9.O-O-O Qd8f6
10.Qf3e2 Ng8e7
11.f4 Qf6h4
12.g4 Ne7c8
13.e5 d5
14.Bc4xd5 exd5
15.Nc3xd5 Qh4d8
16.f5 Qd8xd5
17.f6 Bg7f8
18.c4 Qd5e4
19.Rh1f1 Nc6b4
20.a3 Nb4a2
21.Kd2 Nc8b6
22.Rf1f4 Qe4c6
23.d5 Qc6a4
24.Ke1 O-O-O
25.c5 Qa4a5
26.b4 Qa5xa3
27.cxb6 Bf8xb4
28.Kf2 axb6
29.Rd1a1 Bb4c5
30.e6 Bc5xe3
31.Qe2xe3 Qa3xe3
32.Kxe3 Na2c3
33.Ra1a8 { resign }
1-0

[Event "Tourn. n8608"]
[Site "www.chess-mail.com"]
[Date "2016.03.16"]
[Round "1"]
[White "Genius7"]
[Black "Elogic"]
[WhiteElo "2190"]
[BlackElo "2230"]
[Result "1/2-1/2"]
[Round "1"]
1.d4 Ng8f6
2.c4 c5
3.Ng1f3 e6
4.e3 cxd4
5.Nf3xd4 Bf8c5
6.Nb1c3 Bc5xd4
7.exd4 Qd8e7
8.Bf1e2 O-O
9.O-O b6
10.Be2f3 Nb8c6
11.a3 Bc8b7
12.Rf1e1 a5
13.Bc1g5 Ra8b8
14.d5 Nc6d8
15.d6 Qe7e8
16.Bg5xf6 gxf6
17.Nc3e4 Bb7xe4
18.Bf3xe4 Nd8b7
19.Be4xb7 Rb8xb7
20.Qd1f3 Qe8b8
{ draw }
1/2-1/2

[Event "Tourn. n8651"]
[Site "www.chess-mail.com"]
[Date "2016.03.16"]
[Round "1"]
[White "Elogic"]
[Black "Sorren"]
[WhiteElo "1900"]
[BlackElo "1790"]
[Result "0-1"]
[Round "1"]
1.f4 d5
2.d3 Nb8c6
3.e3 Ng8f6
4.h3 e5
5.g3 exf4
6.exf4 Bf8c5
7.Nb1c3 Bc8e6
8.Ng1f3 Qd8e7
9.Bf1e2 O-O-O
10.d4 Bc5b4
11.Bc1d2 Bb4xc3
12.bxc3 Nf6e4
13.Nf3h4 Ne4xg3
14.Rh1g1 Qe7xh4
{ resign }
0-1

[Event "Tourn. n8581"]
[Site "www.chess-mail.com"]
[Date "2016.03.16"]
[Round "1"]
[White "Wegaman"]
[Black "Ff333"]
[WhiteElo "1940"]
[BlackElo "1980"]
[Result "1/2-1/2"]
[Round "1"]
1.d4 c5
2.d5 d6
3.c4 e6
4.Nb1c3 Ng8f6
5.Bc1g5 Bf8e7
6.Ng1f3 O-O
7.e3 Nb8d7
8.Bf1d3 exd5
9.cxd5 Nf6g4
10.Bg5xe7 Qd8xe7
11.O-O Nd7e5
12.Nf3xe5 Ng4xe5
13.Bd3e4 Ne5c4
14.b3 Nc4e5
15.Ra1c1 f5
16.Be4b1 a6
17.Nc3e2 b5
18.e4 Ne5f3
19.Kh1 Nf3h4
20.exf5 Nh4xf5
21.Bb1xf5 Bc8xf5
22.Ne2g3 Bf5d7
23.Qd1c2 Qe7g5
24.Rc1e1 Ra8d8
25.Qc2b1 Rf8f6
26.Ng3e4 Qg5g6
27.Ne4xf6 Qg6xf6
28.Qb1c2 Bd7f5
29.Qc2d2 Qf6g6
30.Qd2f4 Rd8f8
31.Qf4e3 { draw }
1/2-1/2

[Event "Tourn. n8641"]
[Site "www.chess-mail.com"]
[Date "2016.03.16"]
[Round "1"]
[White "Falcoale"]
[Black "Gatrooper"]
[WhiteElo "1580"]
[BlackElo "1670"]
[Result "1-0"]
[Round "1"]
1.e4 e5
2.Ng1f3 Nb8c6
3.d4 exd4
4.Nf3xd4 Nc6xd4
5.Qd1xd4 d6
6.Nb1c3 Ng8f6
7.Bf1c4 Bc8e6
8.O-O Be6xc4
9.Qd4xc4 Nf6g4
10.Nc3d5 c6
11.Nd5e3 Ng4e5
12.Qc4e2 d5
13.Rf1d1 Bf8c5
14.exd5 Bc5xe3
15.Qe2xe3 f6
16.f4 O-O
17.fxe5 fxe5
18.Qe3xe5 Rf8e8
19.Qe5g3 g6
20.Bc1g5 Qd8b6
21.Kh1 Qb6xb2
22.d6 Re8e5
23.Bg5f6 Qb2xc2
24.Bf6xe5 Qc2c5
25.Qg3b3 Kf8
26.Rd1f1 Ke8
27.Qb3f7 Kd8
28.Qf7e7 Kc8
29.Qe7c7 { resign }
1-0

[Event "Tourn. n8654"]
[Site "www.chess-mail.com"]
[Date "2016.03.16"]
[Round "1"]
[White "Elogic"]
[Black "Sorren"]
[WhiteElo "1960"]
[BlackElo "1790"]
[Result "0-1"]
[Round "1"]
1.d4 Ng8f6
2.g3 d5
3.Bf1g2 e6
4.Bc1f4 c5
5.Bf4xb8 Ra8xb8
6.dxc5 Bf8xc5
7.c3 Qd8b6
8.Qd1d2 Bc5xf2
9.Kf1 Bf2xg1
10.Rh1xg1 Nf6g4
11.Qd2d4 Qb6xd4
12.cxd4 Ng4e3
{ resign }
0-1

[Event "Tourn. n8648"]
[Site "www.chess-mail.com"]
[Date "2016.03.16"]
[Round "1"]
[White "Woody"]
[Black "Sorren"]
[WhiteElo "1810"]
[BlackElo "1790"]
[Result "1-0"]
[Round "1"]
1.c4 e5
2.Nb1c3 Ng8f6
3.Ng1f3 Nb8c6
4.g3 Bf8e7
5.Bf1g2 d6
6.d4 exd4
7.Nf3xd4 Nc6xd4
8.Qd1xd4 O-O
9.O-O c6
10.Bc1f4 Qd8c7
11.Rf1d1 c5
12.Nc3b5 Qc7b6
13.Qd4d3 Rf8d8
14.a4 a6
15.a5 { resign }
1-0

[Event "Tourn. n8637"]
[Site "www.chess-mail.com"]
[Date "2016.03.16"]
[Round "1"]
[White "Gatrooper"]
[Black "Starcommand"]
[WhiteElo "1670"]
[BlackElo "1659"]
[Result "1-0"]
[Round "1"]
1.e4 c5
2.c4 Nb8c6
3.Ng1f3 g6
4.Nb1c3 Bf8g7
5.Nc3d5 e6
6.Nd5f4 Ng8e7
7.a3 O-O
8.h3 a6
9.Bf1d3 Ra8b8
10.e5 Nc6xe5
11.Nf3xe5 Bg7xe5
12.Nf4e2 b5
13.cxb5 axb5
14.Bd3e4 d5
15.Be4c2 Ne7c6
16.d3 c4
17.dxc4 bxc4
18.g3 Qd8f6
19.h4 Be5xb2
20.Bc1xb2 Qf6xb2
21.O-O e5
22.Ra1b1 Qb2xa3
23.Rb1xb8 Nc6xb8
24.Qd1xd5 Rf8e8
25.h5 Bc8e6
26.Qd5e4 f5
27.Qe4xe5  { time }
1-0

[Event "Tourn. n8618"]
[Site "www.chess-mail.com"]
[Date "2016.03.16"]
[Round "1"]
[White "Awfen"]
[Black "Elogic"]
[WhiteElo "2030"]
[BlackElo "1860"]
[Result "1-0"]
[Round "1"]
1.e4 e5
2.Ng1f3 Nb8c6
3.Bf1c4 Ng8e7
4.Nf3g5 d5
5.exd5 Nc6a5
6.Bc4b5 c6
7.dxc6 bxc6
8.Bb5a4 Bc8f5
9.O-O Ne7d5
10.d3 h6
11.Ng5f3 Bf8d6
12.Bc1d2 O-O
13.Qd1e1 Nd5f4
14.Bd2xa5 Qd8f6
15.Ba5c3 Qf6g6
16.Nf3h4 Qg6g5
17.f3 Bf5h3
18.g3 Bd6c5
19.Rf1f2 Ra8c8
20.Qe1xe5 Bc5xf2
21.Kxf2 Nf4xd3
22.cxd3 Qg5d8
23.Qe5xg7 { resign }
1-0

[Event "Tourn. n8641"]
[Site "www.chess-mail.com"]
[Date "2016.03.16"]
[Round "1"]
[White "Gatrooper"]
[Black "Afrikanu007"]
[WhiteElo "1670"]
[BlackElo "1499"]
[Result "0-1"]
[Round "1"]
1.e4 e5
2.a3 Ng8f6
3.Nb1c3 Bf8c5
4.d3 Nb8c6
5.Bc1e3 Bc5xe3
6.fxe3 d5
7.exd5 Nf6xd5
8.e4 Nd5xc3
9.bxc3 Qd8h4
10.g3 Qh4g5
11.Bf1e2 Bc8d7
12.Ng1f3 Qg5e3
13.Qd1d2 Qe3c5
14.d4 exd4
15.Nf3xd4 O-O
16.Nd4b3 Qc5e7
17.Be2f3 Ra8d8
18.O-O-O Bd7e6
19.Qd2f4 Qe7xa3
20.Kb1 Be6xb3
21.cxb3 Qa3xb3
22.Kc1 Qb3xc3
23.Kb1 Nc6b4
24.Rd1c1 Qc3b3
25.Ka1 Qb3a2

0-1

[Event "Tourn. n8666"]
[Site "www.chess-mail.com"]
[Date "2016.03.16"]
[Round "1"]
[White "Luban"]
[Black "Faerieking"]
[WhiteElo "2050"]
[BlackElo "2140"]
[Result "1/2-1/2"]
[Round "1"]
1.d4 d5
2.Ng1f3 Ng8f6
3.h3 h6
4.e3 c6
5.c4 dxc4
6.Bf1xc4 b5
7.Bc4b3 Bc8b7
8.O-O e6
9.a3 Bf8d6
10.Nb1c3 O-O
11.e4 Bd6c7
12.Bc1e3 Nb8d7
13.d5 cxd5
14.exd5 exd5
15.Bb3xd5 Nf6xd5
16.Nc3xd5 Bc7b8
17.Ra1c1 Nd7f6
18.Nd5xf6 Qd8xf6
19.Be3c5 Qf6f4
20.Bc5e3 Bb7xf3
21.Be3xf4 Bf3xd1
22.Bf4xb8 Ra8xb8
{ draw }
1/2-1/2

[Event "Tourn. n8644"]
[Site "www.chess-mail.com"]
[Date "2016.03.16"]
[Round "1"]
[White "Mrfunk"]
[Black "Pimax"]
[WhiteElo "2210"]
[BlackElo "2310"]
[Result "1-0"]
[Round "1"]
1.e4 e5
2.Ng1f3 Nb8c6
3.Bf1b5 a6
4.Bb5a4 Ng8f6
5.O-O Nf6xe4
6.d4 b5
7.Ba4b3 d5
8.dxe5 Bc8e6
9.Nb1d2 Nc6b4
10.Nf3d4 Ne4xd2
11.Bc1xd2 c5
12.a3 cxd4
13.Bd2xb4 Bf8xb4
14.axb4 Qd8b6
15.Qd1d2 O-O
16.Rf1d1 Qb6b7
17.Qd2xd4 Qb7c7
18.c3 Rf8e8
19.f4 Re8d8
20.Qd4c5 Qc7xc5
21.bxc5 Ra8c8
22.f5 Be6xf5
23.Bb3xd5 a5
24.Bd5b7 Rd8xd1
25.Ra1xd1 Bf5g4
26.Bb7xc8 Bg4xd1
27.c6 { resign }
1-0

[Event "Tourn. n8611"]
[Site "www.chess-mail.com"]
[Date "2016.03.16"]
[Round "1"]
[White "Yangqi"]
[Black "Tartan"]
[WhiteElo "2650"]
[BlackElo "2400"]
[Result "1-0"]
[Round "1"]
1.e4 e6
2.d4 d5
3.Nb1c3 Bf8b4
4.e5 Qd8d7
5.a3 Bb4xc3
6.bxc3 b6
7.Qd1g4 f5
8.Qg4g3 Bc8a6
9.Bf1xa6 Nb8xa6
10.Ng1e2 c5
11.Ne2f4 Kf7
12.Nf4h5 g6
13.Nh5f4 Qd7a4
14.h4 Qa4xc2
15.O-O Ra8f8
16.a4 Ng8e7
17.a5 b5
18.h5 b4
19.cxb4 cxb4
20.Qg3g5 Qc2c6
21.Bc1d2 Qc6d7
22.Ra1b1 Ke8
23.Bd2xb4 Na6xb4
24.Rb1xb4 Ne7c6
25.Rb4b2 Qd7d8
26.Nf4xe6 Qd8xg5
27.Ne6xg5 { resign }
1-0

[Event "Tourn. n8676"]
[Site "www.chess-mail.com"]
[Date "2016.03.16"]
[Round "1"]
[White "Cathar"]
[Black "Rons"]
[WhiteElo "2240"]
[BlackElo "2560"]
[Result "0-1"]
[Round "1"]
1.c4 Ng8f6
2.Nb1c3 e5
3.Ng1f3 Nb8c6
4.e3 Bf8b4
5.Qd1c2 Bb4xc3
6.Qc2xc3 Qd8e7
7.d4 Nf6e4
8.Qc3d3 exd4
9.Nf3xd4 O-O
10.Nd4xc6 dxc6
11.a3 Rf8d8
{ resign }
0-1

[Event "Tourn. n8689"]
[Site "www.chess-mail.com"]
[Date "2016.03.16"]
[Round "1"]
[White "Faerieking"]
[Black "Comrade"]
[WhiteElo "2200"]
[BlackElo "2170"]
[Result "1/2-1/2"]
[Round "1"]
1.e4 c5
2.Ng1f3 Nb8c6
3.d4 cxd4
4.Nf3xd4 Ng8f6
5.Nd4xc6 bxc6
6.Nb1c3 e6
7.e5 Nf6d5
8.Nc3e4 Bf8e7
9.Qd1g4 g6
10.Bc1h6 f5
11.Qg4f3 { draw }
1/2-1/2

[Event "Match"]
[Site "www.echecsemail.com"]
[Date "2016.03.16"]
[Round "1"]
[White "Pellix84"]
[Black "Elogic"]
[WhiteElo "2010"]
[BlackElo "1900"]
[Result "1-0"]
[Round "1"]
1.d4 g6
2.e4 d5
3.e5 Bf8g7
4.Bc1e3 f6
5.Qd1d2 fxe5
6.dxe5 Bg7xe5
7.c3 b6
8.Ng1f3 Be5f6
9.Bf1d3 e5
10.Bd3c2 e4
11.Nf3g5 Bc8a6
12.Nb1a3 Qd8d7
13.O-O-O Qd7g4
14.h4 Bf6xg5
15.hxg5 Qg4xg2
16.Qd2xd5 Ke7
17.Qd5xa8 { resign }
1-0

[Event "Match"]
[Site "www.echecsemail.com"]
[Date "2016.03.16"]
[Round "1"]
[White "Sik"]
[Black "Fangshuo"]
[WhiteElo "1690"]
[BlackElo "2120"]
[Result "0-1"]
[Round "1"]
1.d4 d5
2.c4 c6
3.Bc1g5 Qd8b6
4.Qd1d2 dxc4
5.e4 e6
6.Bf1xc4 Bf8b4
7.Nb1c3 Nb8d7
8.Ng1f3 Ng8f6
9.a3 Nf6xe4
10.Qd2d3 Ne4xg5
11.Nf3xg5 Bb4e7
12.Ng5xh7 Nd7f6
13.Nh7xf6 Be7xf6
14.O-O-O Bc8d7
15.Nc3a4 Qb6c7
16.Na4c5 O-O-O
17.h3 Qc7f4
18.Qd3d2 Qf4f5
19.f4 b6
20.g4 Qf5h7
21.Bc4d3 g6
22.Nc5e4 Bf6e7
23.f5 gxf5
24.Bd3a6 Kb8
25.Qd2f4 Ka8
26.Qf4c7 Bd7c8
27.Qc7xc6 Kb8
28.Ne4c5 Be7xc5
29.dxc5 Bc8xa6
{ resign }
0-1

[Event "Match"]
[Site "www.echecsemail.com"]
[Date "2016.03.16"]
[Round "1"]
[White "Elogic"]
[Black "Attatroll"]
[WhiteElo "1860"]
[BlackElo "1950"]
[Result "1-0"]
[Round "1"]
1.d4 e5
2.dxe5 Nb8c6
3.Ng1f3 Qd8e7
4.Bc1g5 Qe7b4
5.Nb1d2 Qb4xb2
6.Nd2c4 Bf8b4
7.Bg5d2 Bb4xd2
8.Nf3xd2 Nc6b4
9.Nc4xb2 { resign }
1-0

[Event "Match"]
[Site "www.echecsemail.com"]
[Date "2016.03.16"]
[Round "1"]
[White "Coraza"]
[Black "Billyg"]
[WhiteElo "1680"]
[BlackElo "1660"]
[Result "1-0"]
[Round "1"]
1.e4 e6
2.Ng1f3 d5
3.Nb1c3 Ng8f6
4.Bf1b5 c6
5.Bb5a4 d4
6.Nc3e2 Nf6xe4
7.d3 Ne4c5
8.c3 b5
9.Ba4b3 Nb8d7
10.cxd4 Nc5a6
11.O-O c5
12.Ne2c3 cxd4
13.Nf3xd4 Nd7c5
14.Rf1e1 Qd8xd4
15.Nc3xb5 Qd4d8
16.Bb3a4 Bc8d7
17.d4 Nc5b7
18.Qd1f3 Qd8c8
19.Nb5c3 Bd7xa4
20.Nc3xa4 Na6b4
21.Re1e2 Nb4c2
22.Ra1b1 Nc2xd4
23.Qf3d3 Qc8d7
24.Re2d2 Ra8d8
25.Qd3c3 e5
26.b3 Rd8c8
27.Qc3d3 Bf8b4
28.Rd2d1 Rc8d8
29.Bc1e3 O-O
30.Be3g5 f6
31.Bg5e3 Bb4c5
32.Be3xd4 Bc5xd4
33.Qd3c4 Kh8
34.h3 Nb7a5
35.Qc4b4 Na5c6
36.Qb4a3 e4
37.Na4c5 Qd7f5
38.Rd1f1 Bd4xc5
39.b4 Bc5d6
40.Qa3a4 Rd8c8
41.b5 Nc6e5
42.Qa4xa7 Ne5d3
43.b6 Bd6c5
44.Qa7a6 Nd3xf2
45.Kh2 Bc5d6
46.Kg1 Bd6c5
47.b7 Nf2xh3
48.Kh2 Qf5h5
49.bxc8Q { resign }
1-0

[Event "Match"]
[Site "www.echecsemail.com"]
[Date "2016.03.16"]
[Round "1"]
[White "Daquata"]
[Black "Gandalf"]
[WhiteElo "1630"]
[BlackElo "1570"]
[Result "0-1"]
[Round "1"]
1.e4 c5
2.Ng1f3 Nb8c6
3.d4 cxd4
4.Nf3xd4 Ng8f6
5.Nb1c3 e5
6.Nd4b3 Bf8b4
7.Bf1d3 d5
8.exd5 Nf6xd5
9.Bc1d2 Bb4xc3
10.bxc3 O-O
11.O-O Rf8e8
12.Rf1e1 a6
13.c4 Nd5f6
14.Bd2g5 h6
15.Bg5h4 Bc8e6
16.Nb3c5 Be6c8
17.Nc5e4 g5
18.Ne4xf6 Qd8xf6
19.Bh4g3 Bc8f5
20.Qd1h5 Bf5xd3
21.cxd3 Ra8d8
22.h4 Rd8xd3
23.hxg5 Qf6xg5
{ resign }
0-1